Gaming Quiz

Random Gaming or Pokémon Quiz
Score 0/28 Timer 08:00
0 Plays Today
% Correct
Mega Charizard X
95.8%
Pinsir
93.5%
Mega Gengar
92.2%
Absol
92.2%
Mega Ampharos
91.9%
Mega Lucario
91.7%
Mega Venusaur
91.4%
Tyranitar
91.3%
Alakazam
91.2%
Houndoom
91.2%
Mega Mewtwo Y
90.9%
Mega Blaziken
90.7%
Mega Aerodactyl
90.6%
Blastoise
90.4%
% Correct
Charizard
89.7%
Mawile
89.3%
Mega Mewtwo X
89.3%
Mega Gyarados
89.2%
Mega Medicham
88.9%
Mega Garchomp
88.7%
Scizor
87.7%
Mega Heracross
87.4%
Manectric
87.4%
Mega Banette
87%
Kangaskhan
86.9%
Abomasnow
85.7%
Aggron
85.4%
Mega Gardevoir
81.4%
Remove Ads.
Support Sporcle.
Get the best of Sporcle when you Go Orange. This ad-free experience offers more features, more stats, and more fun while also helping to support Sporcle. Thank you for becoming a member.

You're not logged in!

Compare scores with friends on all Sporcle quizzes.
OR
Log In

Show Comments

Extras

Top Quizzes Today


Score Distribution

Your Account Isn't Verified!

In order to create a playlist on Sporcle, you need to verify the email address you used during registration. Go to your Sporcle Settings to finish the process.

Report this User

Report this user for behavior that violates our Community Guidelines.

Details: